00688nam a2200205 a 4500001001000000003000900010005001700019007000300036008004100039040003000080082001300110100003600123245012600159264004300285300002600328336002700354337003300381338002800414500004000442000030316DO-SdBNP20240715094159.0ta110509s1944 dr 000 0 spa d aDO-SdBNPbspacBNPHUerda bI46n2221 aIngenieros, H. Thomasseteautor10aNoticia sobre la común de San Cristóbal provincia de Santo Domingo República Dominicana /cH. Thomasset Ingenieros. aCiudad Trujillo :bLa Nación,c1944. a53 páginas ;c24 p. 2rdacontentatextobtxt 2rdamediaasin mediaciónbn 2rdacarrieravolumenbnc aExposición Universal París-1889